Quel rôle joue Bernard Blier dans ce film ? - Statistiques

Statistiques générales
  • Ce quiz a été pris 4 fois
  • Le résultat moyen est 12 sur 41
Statistiques - réponses
Hint Réponse % Correct
1963 - Les Tontons flingueurs Raoul Volfoni
100%
1964 - Les Barbouzes Eusebio Cafarelli
75%
1959 - Marie-Octobre Me Julien Simoneau
75%
1942 - La Symphonie fantastique Antoine Charbonnel
50%
1972 - Le Grand Blond avec une chaussure noire Bernard Milan
50%
1961 - Le cave se rebiffe Charles Lepicard
50%
1943 - Domino Crémone
50%
1971 - Jo Inspecteur Ducros
50%
1958 - Les Misérables Javert
50%
1972 - Tout le monde il est beau, tout le monde il est gentil Louis-Marcel Thulle
50%
1961 - Vive Henri IV, vive l'amour Sully
50%
1941 - L'Assassinat du père Noël Brigadier
25%
1959 - La Grande Guerre Capitaine Castelli
25%
1968 - Faut pas prendre les enfants du bon Dieu pour des canards sauvages Charles Le Téméraire
25%
1955 - Le Dossier noir Commissaire Noblet
25%
1961 - Le Monocle noir Commissaire Tournemire
25%
1944 - Les Petites du quai aux fleurs Docteur Bertrand
25%
1965 - Quand passent les faisans Hyacinthe Camus
25%
1979 - Buffet froid Inspecteur Morvandieu
25%
1976 - Le Corps de mon ennemi Jean-Baptiste Liégard
25%
1967 - Un idiot à Paris Léon Dessertine
25%
1970 - Elle boit pas, elle fume pas, elle drague pas, mais… elle cause ! Liethard
25%
1947 - Quai des Orfèvres Maurice Martineau
25%
1986 - Twist again à Moscou Ministre Alexei
25%
1964 - Cent Mille Dollars au soleil Mitch-Mitch
25%
1959 - Archimède le clochard M. Pichon
25%
1948 - Dédée d'Anvers M. René
25%
1967 - Du mou dans la gâchette Nicolas Papas
25%
1952 - Agence matrimoniale Noël Pailleret
25%
1938 - Entrée des artistes Pescani
25%
1974 - Les Chinois à Paris Président de la République
25%
1958 - Les Grandes Familles Simon Lachaume
25%
1966 - Le Grand Restaurant Commissaire divisionnaire
0%
1963 - Pourquoi Paris ? Concierge
0%
1939 - Le jour se lève Gaston
0%
1941 - Premier Bal Maître d'hôtel
0%
1969 - Mon oncle Benjamin Marquis de Cambise
0%
1957 - L'Homme à l'imperméable M. Raphaël
0%
1961 - apitaine Castelli Philippe Chalamont
0%
1937 - L'Habit vert Pinchet fils
0%
1938 - Hôtel du Nord Prosper
0%
Aucun quiz correspondant
Distribution des résultats
% des personnes avec chaque résultat
Percentile par nombre de réponses
Votre historique - résultats
Vous n’avez pas pris ce quiz